| 000 | 00981cab a2200301 4500 | ||
|---|---|---|---|
| 001 | WB3114-31 | ||
| 008 | 090401t1995 xxu||||| |||| 00| 0 eng d | ||
| 035 | _a(Sirsi) u46255 | ||
| 041 | _aeng | ||
| 245 | _aPensions Bill | ||
| 260 | _c1995 | ||
| 350 | _a0 | ||
| 490 |
_aEstates Gazette _v(9513) 1 April 1995, 42(1) |
||
| 520 | _aOver a third of pension fund trustees would want to reduce their fund`s property weighting when the Pensions Bill comes into effect according to a survey by Richards Butler. | ||
| 650 | _aASSET AND LIABILITY MODELLING TECHNIQUES | ||
| 650 | _aPROPERTY-COMMERCIAL PROPERTY | ||
| 650 | _aINSTITUTIONAL INVESTMENT | ||
| 650 | _aLIQUIDITY | ||
| 650 | _aOPEN-ENDED PROPERTY FUNDS | ||
| 650 | _aPENSION FUND TRUSTEES | ||
| 650 | _aPENSIONS BILL | ||
| 650 | _aPENSIONS REFORM | ||
| 650 | _aPROPERTY PORTFOLIOS | ||
| 650 | _aRICHARDS BUTLER | ||
| 690 | _aPROPERTY-PROPERTY FINANCE AND INVESTMENT | ||
| 942 | _n0 | ||
| 948 | _c04/03/1997 | ||
| 999 |
_c29268 _d29268 |
||